00376pab a2200133 454500008004000000100001600040245010000056260000900156300001400165362000800179650001500187650001600202773002400218180718b2006 xxu||||| |||| 00| 0 eng d aNolan, Paul aWhy G.A. Cohen can't appeal to Charles Darwin to help him defend Karl Marx (but why others can) c2006 ap.155-79. aApr aMarx, Karl aCohen, G.A. aScience and Society